Khí hậu biến đổi : Thảm kịch vô tiền khoáng hậu trong lịch sử nhân loại

Trình bày những kiến thức khoa học về sự thay đổi khí hậu ảnh hưởng đến nhân loại. Những điều cần biết về sự biến đổi khí hậu như: Bài học từ lịch sử của bầu khí quyển, làm nóng toàn cầu, hậu quả biến đổi khí hậu, công luận...

全面介绍

Đã lưu trong:
书目详细资料
主要作者: Storf, Rahm S.
格式: 图书
语言:Undetermined
出版: Thành phố Hồ Chí Minh Trẻ 2008
主题:
标签: 添加标签
没有标签, 成为第一个标记此记录!
Thư viện lưu trữ: Trung tâm Học liệu Trường Đại học Cần Thơ
LEADER 01406nam a2200253Ia 4500
001 CTU_135330
008 210402s9999 xx 000 0 und d
020 |c 32000 
082 |a 551.6 
082 |b S884 
100 |a Storf, Rahm S. 
245 0 |a Khí hậu biến đổi : 
245 0 |b Thảm kịch vô tiền khoáng hậu trong lịch sử nhân loại 
245 0 |c S.Rahm Storf, Hans J. Schellnhuber; người dịch : Trang Quan Sen 
260 |a Thành phố Hồ Chí Minh 
260 |b Trẻ 
260 |c 2008 
520 |a Trình bày những kiến thức khoa học về sự thay đổi khí hậu ảnh hưởng đến nhân loại. Những điều cần biết về sự biến đổi khí hậu như: Bài học từ lịch sử của bầu khí quyển, làm nóng toàn cầu, hậu quả biến đổi khí hậu, công luận về sự biến đổi và giải pháp về vấn đề khí hậu ảnh hưởng đến nhân loại 
526 |a Kinh tế học biến đổi khí hậu 
526 |b KTH603 
650 |a Những thay đổi khí hậu,Climatic changes 
650 |x Bảo vệ môi trường,Environmental protection 
904 |i Hướng Dương 
980 |a Trung tâm Học liệu Trường Đại học Cần Thơ